History of the modern Japanese economy

שמור ב:
מידע ביבליוגרפי
פורמט: ספר
שפה:Undetermined
יצא לאור: Tokyo Foreign Press Center 1984
תגים: הוספת תג
אין תגיות, היה/י הראשונ/ה לתייג את הרשומה!
Thư viện lưu trữ: Trung tâm Học liệu Trường Đại học Cần Thơ
LEADER 00386nam a2200145Ia 4500
001 CTU_85692
008 210402s9999 xx 000 0 und d
082 |a 330.952 
082 |b H673 
245 0 |a History of the modern Japanese economy 
260 |a Tokyo 
260 |b Foreign Press Center 
260 |c 1984 
904 |i Năm 
980 |a Trung tâm Học liệu Trường Đại học Cần Thơ